000 00422nam a2200157 i 4500
001 88681
003 ES-MaACL
005 20230906175914.0
007 t|
008 050105s1969 xxu ||||1| eng d
100 1 _aLang, Serge.
_970004
245 1 0 _aReal analysis /
_cSerge Lang.
260 _aReading, Massachusetts :
_bAddison-Wesley,
_c[1969]
300 _aXI, 476 p. ;
_c24 cm.
852 _aES-MaACL
_jA-6476
_bR.95386
999 _c88681
_d88681